| 000 | 00540nam a22001817a 4500 | ||
|---|---|---|---|
| 999 |
_c5328 _d5328 |
||
| 003 | GBCCL | ||
| 005 | 20241126110539.0 | ||
| 008 | 180313b ||||| |||| 00| 0 eng d | ||
| 040 | _cgbc | ||
| 082 |
_a268.432 _bCHA |
||
| 100 |
_aChamberlain, Eugene _99611 |
||
| 245 |
_aChildren's Sunday School Work / _cEugene Chamberlain & Robert G. Fulbright |
||
| 260 |
_bConvention Press, _aNashville: _c1969 |
||
| 300 |
_a172 p.; _bill., _c21 cm. |
||
| 650 |
_aSunday School _vChildren _97116 |
||
| 650 |
_aReligious Education _96008 |
||
| 942 |
_2ddc _cBK _03 |
||